Every Emoji from the "nature" section (according to Discord) - Statistics

General Stats
  • This quiz has been taken 6 times
  • The average score is 62 of 211
Answer Stats
Answer % Correct
cat
75%
cat2
75%
dog
75%
dog2
75%
frog
75%
leaves
75%
rainbow
75%
star
75%
sun
75%
ant
50%
bat
50%
bear
50%
bee
50%
beetle
50%
bird
50%
bison
50%
bug
50%
butterfly
50%
chicken
50%
coral
50%
cow
50%
cow2
50%
crab
50%
crescent moon
50%
dolphin
50%
donkey
50%
dragon
50%
duck
50%
eagle
50%
elephant
50%
fire/flame
50%
fish
50%
flamingo
50%
fly
50%
fox
50%
full moon
50%
giraffe
50%
goat
50%
gorilla
50%
hamster
50%
hedgehog
50%
hippopotamus
50%
horse
50%
koala
50%
lion
50%
lizard
50%
lobster
50%
maple leaf
50%
monkey
50%
monkey face
50%
moose
50%
mouse
50%
mouse2
50%
panda
50%
peacock
50%
penguin
50%
pig
50%
pig2
50%
polar bear
50%
poodle
50%
rabbit
50%
rabbit2
50%
rat
50%
rhino
50%
rooster
50%
sauropod
50%
shark
50%
shell/spiral shell
50%
sloth
50%
snail
50%
snake
50%
snowflake
50%
snowman
50%
snowman2
50%
spider
50%
spider web
50%
squid
50%
sunflower
50%
swan
50%
tiger
50%
tiger2
50%
tornado
50%
t rex
50%
tulip
50%
turtle
50%
umbrella
50%
umbrella2
50%
unicorn
50%
water buffalo
50%
whale
50%
whale2
50%
wolf
50%
worm
50%
zebra
50%
baby chick
25%
badger
25%
beaver
25%
black bird
25%
black cat
25%
boar
25%
bouquet
25%
bubbles
25%
cactus
25%
camel
25%
cherry blossom
25%
christmas tree
25%
cloud
25%
crocodile
25%
deer
25%
dodo
25%
feather
25%
feet/paw prints
25%
four leaf clover
25%
goose
25%
guide dog
25%
hatching chick
25%
herb
25%
hyacinth
25%
kangaroo
25%
lady beetle
25%
leopard
25%
llama
25%
lotus
25%
mammoth
25%
mosquito
25%
mushroom
25%
new moon
25%
ocean/water wave
25%
orangutan
25%
owl
25%
ox
25%
parrot
25%
partly sunny
25%
pig nose
25%
racoon
25%
ram
25%
rock
25%
rose
25%
seal
25%
seedling
25%
service dog
25%
sheep/ewe
25%
shrimp
25%
skunk
25%
turkey
25%
wood
25%
bamboo
0%
blossom
0%
blowfish
0%
boom/collision
0%
chipmunk
0%
cloud lightning
0%
cloud rain
0%
cloud snow
0%
cockroach
0%
comet
0%
cricket
0%
dash
0%
deciduous tree
0%
dizzy
0%
dove
0%
dragon face
0%
dromedary camel
0%
droplet
0%
ear of rice/sheaf of rice
0%
earth africa
0%
earth americas
0%
earth asia
0%
empty nest
0%
evergreen tree
0%
fallen leaf
0%
first quarter moon
0%
first quarter moon with face
0%
fog
0%
full moon with face
0%
glowing star
0%
hatched chick
0%
hear no evil
0%
hibiscus
0%
jelly fish
0%
last quarter moon
0%
last quarter moon with face
0%
nest with eggs
0%
new moon with face
0%
octupus
0%
otter
0%
palm tree
0%
potted plant
0%
racehorse
0%
ringed planet
0%
scorpion
0%
see no evil
0%
shamrock
0%
sparkles
0%
speak no evil
0%
sun with face
0%
sweat drops
0%
tanabata tree
0%
thunder cloud
0%
tropical fish
0%
waning crescent moon
0%
waning gibbous moon
0%
waxing crescent moon
0%
waxing gibbous moon
0%
white sun cloud
0%
white sun rain cloud
0%
white sun small cloud
0%
wilted rose
0%
wind face
0%
wing
0%
zap/high voltage
0%
No matching quizzes found
Score Distribution
Percent of People with Each Score
Percentile by Number Answered
Your Score History
You have not taken this quiz